Инновационные технологии в коммерции и бизнесе: учебник для бакалавров

Bibliographic Details
Main Author: Гаврилов Л. П. Леонид Петрович
Summary:Издание учебника подготовлено в соответствии с Федеральным государственным образовательным стандартом высшего профессионального образования третьего поколения по направлению «100700—Торговое дело». В нем представлены инновации в коммерции и бизнесе, базирующиеся на мобильности и новых информационных технологиях, а также инновационные решения в автоматизации розничной торговли Рассмотрены динамично развивающиеся мобильные технологии и средства телекоммуникаций, успешно используемые в управлении предприятиями коммерции, распространении мобильного контента, логистике, создании параллельной инфраструктуры предприятий, корпоративной мобильности. Для студентов экономических вузов, изучающих организацию торговых процессов и управление ими.
Language:Russian
Published: Москва, Юрайт, 2019
Series:Бакалавр. Базовый курс
Subjects:
Format: MixedMaterials Book
KOHA link:https://koha.lib.tpu.ru/cgi-bin/koha/opac-detail.pl?biblionumber=342562

MARC

LEADER 00000nam0a2200000 4500
001 342562
005 20231102005451.0
010 |a 9785991624527 
035 |a (RuTPU)RU\TPU\book\371685 
035 |a RU\TPU\book\263516 
090 |a 342562 
100 |a 20130828d2019 m y0rusy50 ca 
101 0 |a rus 
102 |a RU 
105 |a a j 001zy 
200 1 |a Инновационные технологии в коммерции и бизнесе  |e учебник для бакалавров  |f Л. П. Гаврилов 
210 |a Москва  |c Юрайт  |d 2019 
215 |a 372 с.  |c ил. 
225 1 |a Бакалавр. Базовый курс 
320 |a Библиогр.: с. 371-372 
330 |a Издание учебника подготовлено в соответствии с Федеральным государственным образовательным стандартом высшего профессионального образования третьего поколения по направлению «100700—Торговое дело». В нем представлены инновации в коммерции и бизнесе, базирующиеся на мобильности и новых информационных технологиях, а также инновационные решения в автоматизации розничной торговли Рассмотрены динамично развивающиеся мобильные технологии и средства телекоммуникаций, успешно используемые в управлении предприятиями коммерции, распространении мобильного контента, логистике, создании параллельной инфраструктуры предприятий, корпоративной мобильности. Для студентов экономических вузов, изучающих организацию торговых процессов и управление ими. 
606 1 |a Торговля  |x Экономика  |2 stltpush  |3 (RuTPU)RU\TPU\subj\37078  |9 58228 
610 1 |a коммерция 
610 1 |a коммерческая деятельность 
610 1 |a коммерческая информация 
610 1 |a инновационные технологии 
610 1 |a информационные технологии 
610 1 |a корпоративная мобильность 
610 1 |a виртуализация 
610 1 |a базы данных 
610 1 |a хранение 
610 1 |a мобильные устройства 
610 1 |a мобильные приложения 
610 1 |a мобильные платформы 
610 1 |a мобильная торговля 
610 1 |a оптовая торговля 
610 1 |a мобильная коммерция 
610 1 |a мобильный контент 
610 1 |a мобильные телекоммуникации 
610 1 |a мобильные технологии 
610 1 |a мобильные терминалы 
610 1 |a мобильные системы 
610 1 |a информационная безопасность 
610 1 |a розничная торговля 
610 1 |a интернет-сервисы 
610 1 |a учебники 
686 |a У9(2)42я73  |v LBC/SL-A  |2 rubbk 
700 1 |a Гаврилов  |b Л. П.  |g Леонид Петрович 
801 1 |a RU  |b 63413507  |c 20190318 
801 2 |a RU  |b 63413507  |c 20190621  |g RCR 
942 |c BK 
959 |a 2/20190315  |d 1  |e 709,00  |f ЧЗГЛ:1